Những người khốn khổ Trọn bộ 3 tập Tập 1

保存先:
書誌詳細
第一著者: HuyGo, Victo
その他の著者: Huỳnh Lý (Dịch), Lê Trí Viễn (Dịch), Vũ Đình Liên (Dịch), Đỗ, Đức Hiểu (Dịch)
フォーマット: 図書
出版事項: Hà Nội Văn học 2014
主題:
タグ: タグ追加
タグなし, このレコードへの初めてのタグを付けませんか!
Thư viện lưu trữ: Trung tâm Học liệu Lê Vũ Hùng, Trường Đại học Đồng Tháp
LEADER 01128pam a22003378a 4500
001 00035228
005 20171026081023.0
008 161125s2014 ||||||Viesd
020 |c 300000 
041 0 # |a Vie 
082 1 # |a 843  |b NH556NG 
100 0 # |a HuyGo, Victo 
245 0 0 |a Những người khốn khổ  |b Trọn bộ 3 tập  |c Victo HuyGo; Huỳnh Lý, Vũ Đình Liên, Lê Trí Viễn, Đỗ Đức Hiểu (dịch)  |n Tập 1 
260 # # |a Hà Nội  |b Văn học  |c 2014 
300 # # |a 671 tr.  |c 21 cm. 
653 # # |a Tiểu thuyết 
653 # # |a Tác phẩm 
653 # # |a Văn học nước ngoài 
653 # # |a Văn học Pháp 
700 0 # |a Huỳnh Lý  |e Dịch 
700 0 # |a Lê Trí Viễn  |e Dịch 
700 0 # |a Vũ Đình Liên  |e Dịch 
700 0 # |a Đỗ, Đức Hiểu  |e Dịch 
852 # # |b Kho mượn  |j KM.0019395 
852 # # |b Kho đọc  |j KD.0018926 
852 # # |j KD.0018926  |j KM.0019395 
910 # # |d 25/11/2016 
980 # # |a Trung tâm Học liệu Lê Vũ Hùng, Trường Đại học Đồng Tháp